| 000 | 00000nas 2200000za 4500 |
| 001 | 9.865636 |
| 003 | CaOODSP |
| 005 | 20221107161838 |
| 007 | cr ||||||||||| |
| 008 | 181205d19651965onchr p oss f0###a0eng| |
| 022 | |y0575-8025 |
| 040 | |aCaOODSP|beng |
| 043 | |an-cn--- |
| 086 | 1 |aCS63-425E-PDF |
| 245 | 00|aCamera and photographic supplies stores and sporting goods stores (independent) |h[electronic resource] : |boperating results. |
| 260 | |a[Ottawa] : |bDominion Bureau of Statistics, Merchandising and Services Division, |c1968. |
| 310 | |aTriennial |
| 362 | 0 |a1965. |
| 500 | |aDigitized edition from print [produced by Statistics Canada]. |
| 653 | 0|aSporting goods |
| 692 | 07|2gccst|aRetail trade |
| 692 | 07|2gccst|aPhotography |
| 710 | 1 |aCanada. |bDominion Bureau of Statistics. |bMerchandising and Services Division. |